000 00708nam a2200229 a 4500
999 _c10935
_d10935
001 10935
003 BD-JhCC
005 20210408134018.0
008 190529b20182014bd ||||| a||| 00| 0 eng d
020 _a9789844043534
035 _a(BD-JhCC)10935
040 _aBD-JhCC
_dBD-JhCC
041 _aben
082 _bSAH2018
_a530.076
100 _aসাহা, সৌমেন
245 _aপদার্থবিজ্ঞান কুইজ ও অলিম্পিয়াড /
_cসৌমেন সাহা,
260 _aঢাকা:
_bআনুপম প্রকাশনী;
_c2018.
300 _a318 p.:
_c22 cm.
650 _aPhysics--Competitions
942 _2ddc
_cBK
_012